000 01153cam a2200253 4500500
005 20260201104401.0
041 _afre
042 _adc
100 1 0 _aPuyuelo, Rémy
_eauthor
245 0 0 _a2050… Regards sur les fabriques d'enfants d'antan
260 _c2009.
500 _a75
520 _aRésuméY a-t-il changement et progrès dans notre compréhension psychique de l’enfant et dans notre rencontre avec lui ? Par le biais de l’humour et d’un jeu de science-fiction à rebours, l’auteur interroge notre société et ce qu’elle véhicule autour de l’enfant et de sa famille qui masque, bien souvent, notre dénuement et notre propre violence face à cet étranger que nous devons apparenter au monde pour qu’il en devienne un sujet à part entière.
690 _aaffiliation
690 _aenfance
690 _aenfant
690 _afiliation
690 _aplaisir sexuel
690 _aprocréation
690 _asociété
690 _atemporalité
786 0 _nEmpan | 75 | 3 | 2009-12-17 | p. 67-71 | 1152-3336
856 4 1 _uhttps://shs.cairn.info/revue-empan-2009-3-page-67?lang=fr&redirect-ssocas=7080
999 _c1641207
_d1641207